000 00941nam a2200241 i 4500
001 30002
003 ES-MaACL
005 20250403063100.0
007 t|
008 030123s1952 sp a |||| | spa d
100 1 _aBarron, Harry.
_926042
245 1 0 _aPlásticos modernos /
_cHarry Barron ; versión de la 2ª edición inglesa por Luis Graupera Castañé.
260 _aBarcelona :
_bGustavo Gili,
_c1952 (
_fImp. Casa Provicial de Caridad)
300 _a238 p. :
_bil. ;
_c24 cm.
510 _aCCPB,
_c001025997-X
650 4 _aPlásticos.
_9144551
700 1 _aGraupera Castañé, Luis.
_959767
852 _aES-MaACL
_jD-6431
_bR. 32524
_bR.M. 6027
_cSVI
_fSello en tinta azul de la Biblioteca del Ateneo de Madrid
_931134
942 _2udc
_cMONOGRAFIA
999 _c30002
_d30002